01217nam a22003377a 4500003000500000005001700005008004100022010001000063011001000073035001000083040000900093082001500102100002600117245006000143260006400203300001200267590004100279590004100320590004100361590004200402650003500444650003700479650003300516650004500549901000700594942001000601949006000611949005500671999001700726952013600743CHAP20220329141126.0971010s1989 r 00010 d a63008 a63980 a68938 cCHAP a632.4bF3700aFarr, David F.939795 aFungi on plants and plant products in the United States aSt. Paul, Minn :bAmerican Phytopathological Society,c1989 a1252 p. aBATCH-UPDb10c20130110lUCH01h0422 aBATCH-UPDb10c20130410lUCH01h0056 aBATCH-UPDb10c20130914lUCH01h1353 aCONVERSIONb10c20130109lUCH01h133414aHongos fitopatógenos.95613214aHongosxIdentificación.95610514aHongosxNomenclatura.95611114aPlantasxEnfermedades por hongos.988830 aBK cLIBRO a632.4 F37bBCcCd33724000647749eCh87100i68938mDsi a632.4 F37bPAcLIBROd-1098eLIBROh1745i68938si c63008d63008 00102ddc4051708CaBCbBCcPA_CONSULTAd2019-12-31fLIBROl0o632.4 F37p33724000647749r2019-12-31 00:00:00w2019-12-31yLIBRO